[Event "Dnipro Chess Federation Head Cup-GM			"]
[Site "Dnipro"]
[Date "2019.12.20"]
[Round "7"]
[White "	Bets Anatolij	 	(MDA)"]
[Black "	Vedmediuc Serghei	 	(MDA)"]
[Result "0-1"]
[WhiteElo "2244"]
[BlackElo "2445"]
[Annotator ""]
[Source ""]
[Remark ""]

1.d4 Nf6 2.c4 e6 3.Nf3 d5 4.Nc3 Bb4 5.g3 dxc4 6.Bg2 Nc6 7.a3
Ba5 8.Qa4 Nd5 9.Bd2 Nb6 10.Qb5 O-O 11.Qc5 Qe7 12.O-O Bd7 13.Ne4
Qxc5 14.Nxc5 Bxd2 15.Nxd2 Nxd4 16.e3 Nb3 17.Ndxb3 cxb3 18.Bxb7
Rab8 19.Bf3 Bb5 20.Rfd1 Na4 21.Nxb3 Nxb2 22.Rdc1 Rfc8 23.Nc5
Nd3 24.Nxd3 Bxd3 25.Rc5 Kf8 26.Rac1 Rb3 27.a4 Ke8 28.Bc6+ Ke7
29.Bb5 Bxb5 30.axb5 Kd6 31.Rc6+ Kd7 32.Rd1+ Ke8 33.Rc5 Ra3 34.Kg2
Ra5 35.Rdc1 Kd7 36.Rd1+ Ke7 37.Rdc1 Kd6 38.Rc6+ Kd7 39.Rd1+ Ke8
40.Rdc1 Rxb5 41.Rxc7 Rxc7 42.Rxc7 a5 43.Ra7 g5 44.h3 h5 45.Kf3
Kf8 46.Kg2 g4 47.hxg4 hxg4 48.Ra6 Ke7 49.Ra7+ Kf6 50.Kg1 Rb1+
51.Kg2 Ra1 52.Kh2 a4 53.Kg2 a3 54.Kh2 Kg6 55.Kg2 f6 56.Ra5 e5
57.Ra4 Kf5 58.Kh2 Ke6 59.Rxg4 Rf1 0-1